00468nam a22001577a 450000500170000000800410001702000260005804100130008408200140009710000270011124500360013825000190017426000570019330000340025065000260028420240117104621.0231108b |||||||| |||| 00| 0 eng d a409053104 ; 409053112 aEnglish  a346.4 SIL aSilberberg, HlEnglish aLaw of Property /cH Silberberg aFirst Edition  aDurban : bButterworth and Company (Pty) Ltd, c1975 bxlii, 420 pages ; c22,5 cm.  aLegal practice bLaw